banner-ar

الجيش المصرى وسبعة الاف عام من الزمان / (Record no. 63457)

MARC details
000 -الفاتح
حقل البيانات ثابتة الطول 01489nam a22002897a 4500
005 - وقت وتاريخ اخر تعامل مع التسجيلة
رقم الضبط 20240530110642.0
008 - عناصر البيانات ثابتة الطول - معلومات عامة
حقل البيانات ثابتة الطول 170926s2004 ua dh f 000 0 ara d
017 ## - رقم الايداع القانونى
رقم الايداع القانونى 2003/7529
المصدر ( الهيئة المختصة) مصر. دار الكتب
020 ## - الرقم الدولى المعيارى للكتب
الرقم الدولى المعيارى للكتاب 4775552095
040 ## - مصدر الفهرسة
وكالة الفهرسة الأصلية EG-CaGPL
وكالة النسخ EG-CaGPL
082 04 - رقم تصنيف ديوى العشرى
رقم الطبعة 21
رقم التصنيف 355.0332962 \
رقم المادة ق/و ج
100 0# - المدخل الرئيسى - إسم شخصى
الإسم الشخصى احمد عبدالرزاق احمد
245 12 - بيان العنوان
العنوان الجيش المصرى وسبعة الاف عام من الزمان /
بيان المسئوليه,etc اعداد احمد عبدالرزاق احمد ، جاد محمد طه ، محمد عبدالحليم رشدى الهوارى ؛ مراجعة على ماهر حجاب ، محمد عبدالوهاب الدويك ، جمال الحسانين محمد الحضرى ؛ الاشراف العام محمد عبدالسلام السيد سعيد
260 ## - PUBLICATION, DISTRIBUTION, ETC. (IMPRINT)
تاريخ النشر أو التوزيع 2004
300 ## - الوصف المادى
التعداد 375 ص. :
تفاصيل ماديه اخرى للوعاء ايض ؛
أبعاد الوعاء 30 سم.
650 07 - المدخل الاضافى بالموضوع-مصطلح موضوعى
مصدر الرأس أو المصطلح qrmak
مصطلح موضوعي العلوم الحربية
650 07 - المدخل الاضافى بالموضوع-مصطلح موضوعى
مصدر الرأس أو المصطلح qrmak
مصطلح موضوعي الجيش
التقسيم الفرعي العام تاريخ
651 07 - المدخل الاضافى بالموضوع - اسم جغرافى
مصدر الرأس أو المصطلح qrmak
الاسم الجغرافي مصر
التقسيم الفرعي العام الجيش
700 0# - المدخل الاضافى - اسم شخصى
الإسم الشخصى جاد محمد طه
الدور معد
700 0# - المدخل الاضافى - اسم شخصى
الإسم الشخصى محمد عبدالحليم رشدى الهوارى
الدور معد مشارك
700 0# - المدخل الاضافى - اسم شخصى
الإسم الشخصى على ماهر حجاب
الدور مراجع
700 0# - المدخل الاضافى - اسم شخصى
الإسم الشخصى محمد عبدالوهاب الدويك
الدور مراجع مشارك
700 0# - المدخل الاضافى - اسم شخصى
الإسم الشخصى جمال الحسانين محمد الحضرى
الدور مراجع مشارك
700 0# - المدخل الاضافى - اسم شخصى
الإسم الشخصى محمد عبدالسلام السيد سعيد
الدور مشرف
942 ## - عناصر المدخل الإضافي( كوها)
مصدر التصنيف او مخطط الترفيف Dewey Decimal Classification
Koha [default] item type كتاب
260 ## - PUBLICATION, DISTRIBUTION, ETC. (IMPRINT)
-- القاهرة :
Holdings
حالة التراجع حالة الفقد حالة تلف ليس للاعارة المكان المؤقت الموقع الحالى موقع الترفيف تاريخ الاكتساب اجمالي اﻻعارات رقم الطلب الباركود تاريخ اخر مشاهدة تاريخ تفعيل السعر نوع وعاء كوها
        مكتبة القاهرة الكبرى مكتبة القاهرة الكبرى   10/23/2017   355.0332962 \ ق/و ج 163499 10/23/2017 10/23/2017 كتاب

Powered By

EGPV